000 00454nam a2200145 4500
001 109154
003 ES-MaACL
005 20230906184803.0
007 t|
008 061121s1913 sp r ||||1| spa d
100 1 _aOliver Rubio, Francisco.
_986846
245 1 0 _aTratamiento de las cirrosis estróficas del higado
_b: Tesis doctoral /
_cFrancisco Oliver Rubio.
260 _aZaragoza :
_b[s.n.],
_c1913 (
_fTip. Heraldo)
852 _aES-MaACL
_jT-1366-F-5
999 _c109154
_d109154